Loading...
| Literature - World Literature | 0 | 3 | 1 | 0 | 25 | 78 | 101.00 | 0 | 3 |
| Literature - European Literature | 0 | 2 | 0 | 0 | 20 | 115 | 123.50 | 1 | 2 |
| Fine Arts - Classical Music | 0 | 2 | 0 | 0 | 20 | 112 | 118.50 | 0 | 2 |
| Literature - American Literature | 0 | 2 | 0 | 1 | 20 | 122 | 133.50 | 0 | 2 |
| Literature - British Literature | 0 | 2 | 1 | 1 | 15 | 133 | 144.00 | 0 | 2 |
| Social Science | 0 | 1 | 0 | 0 | 10 | 79 | 79.00 | 1 | 1 |
| Fine Arts - Other Fine Arts | 0 | 1 | 0 | 0 | 10 | 100 | 100.00 | 0 | 1 |
| Fine Arts - Painting and Sculpture | 0 | 1 | 0 | 0 | 10 | 134 | 134.00 | 0 | 1 |
| Mythology | 0 | 1 | 0 | 0 | 10 | 126 | 126.00 | 0 | 1 |
| Religion | 0 | 1 | 1 | 0 | 5 | 96 | 96.00 | 0 | 1 |
| Science - Chemistry | 0 | 1 | 1 | 0 | 5 | 129 | 129.00 | 1 | 1 |
| History - American History | 0 | 0 | 0 | 0 | 0 | 0.00 | 0 | 0 | |
| Science - Other Science | 0 | 0 | 1 | 0 | -5 | 0.00 | 0 | 0 | |
| Pop Culture | 0 | 0 | 1 | 0 | -5 | 0.00 | 0 | 0 | |
| Science - Biology | 0 | 0 | 2 | 0 | -10 | 0.00 | 0 | 0 | |
| Philosophy | 0 | 0 | 2 | 0 | -10 | 0.00 | 0 | 0 |